Normal view
MARC view
- صعوبات التعلم -التعلم المكفوفون
Entry Topical Term
001 - CONTROL NUMBER
- control field: 31449
003 - CONTROL NUMBER IDENTIFIER
- control field: JO-AjAnu
005 - DATE AND TIME OF LATEST TRANSACTION
- control field: 20230606075309.0
008 - FIXED-LENGTH DATA ELEMENTS
- fixed length control field: 230606|| aca||aabn | a|a d
040 ## - CATALOGING SOURCE
- Original cataloging agency: JO-AjAnu
- Transcribing agency: JO-AjAnu
150 ## - HEADING--TOPICAL TERM
- Topical term or geographic name entry element: صعوبات التعلم -التعلم المكفوفون
670 ## - SOURCE DATA FOUND
- Source citation: Work cat.: (JO-AjAnu)16148: الحديدي، منى صبحي, author 31448, مقدمة في الاعاقة البصرية